| 000 -LEADER |
| fixed length control field |
00486cam a22001217a 4500 |
| 008 - FIXED-LENGTH DATA ELEMENTS--GENERAL INFORMATION |
| fixed length control field |
180718b1990 xxu||||| |||| 00| 0 eng d |
| 082 ## - DEWEY DECIMAL CLASSIFICATION NUMBER |
| Classification number |
B703x5444 K147 1987 |
| 245 ## - TITLE STATEMENT |
| Title |
Karnataka urban development authorities act 1987 (Karnataka act no. 43 of 1987) |
| Statement of responsibility, etc. |
by Department of Law And Parliamentry Affairs, Karnataka |
| 260 ## - PUBLICATION, DISTRIBUTION, ETC. |
| Place of publication, distribution, etc. |
Bangalore |
| Name of publisher, distributor, etc. |
|
| Date of publication, distribution, etc. |
1990 |
| 300 ## - PHYSICAL DESCRIPTION |
| Extent |
51p |
| 650 ## - SUBJECT ADDED ENTRY--TOPICAL TERM |
| Topical term or geographic name entry element |
City Planning - India- karnataka - Legislation |
| 700 ## - ADDED ENTRY--PERSONAL NAME |
| Personal name |
Karnataka. Department of Law And Parliamentry Affairs |